Conceptual economic issues of regional innovations

Teoretické vymedzenie regionálneho rozvoja a inovácií. Inovácia a regionálne nerovnosti. Odhady vplyvov na regionálnu inovačnú politiku.

Guardado en:
Detalles Bibliográficos
Autor principal: Baláž, Vladimír
Otros Autores: Kluvánková-Oravská, Tatiana
Formato: Capítulo de libro
Lenguaje:inglés
Materias:
Etiquetas: Agregar Etiqueta
Sin Etiquetas, Sea el primero en etiquetar este registro!

MARC

LEADER 00000naa$a2200000$$$4500
001 0050411
005 20231102110832.2
041 0 |a eng 
044 |a SK 
245 1 0 |a Conceptual economic issues of regional innovations  |c Vladimír Baláž, Tatiana Kluvánková-Oravská 
520 |a Teoretické vymedzenie regionálneho rozvoja a inovácií. Inovácia a regionálne nerovnosti. Odhady vplyvov na regionálnu inovačnú politiku. 
610 2 0 |a Európska únia 
610 2 0 |a regióny 
610 2 0 |a inovácia 
610 2 0 |a rozvoj regionálny 
610 2 0 |a politika regionálna 
610 2 0 |a stratégia inovačná 
100 1 |a Baláž, Vladimír 
700 1 |a Kluvánková-Oravská, Tatiana